[Event "British Rapidplay"]
[Site "Peterborough"]
[Date "2024.03.03"]
[Round "7"]
[White "Dupuis, Daniel"]
[Black "Middleton, Tom"]
[Result "1/2-1/2"]
[WhiteElo "1562"]
[BlackElo "1976"]
[PlyCount "65"]
[EventDate "2024.03.02"]
[EventType "swiss (rapid)"]
[EventRounds "11"]
[EventCountry "ENG"]
[SourceTitle "CB10_2024"]
[SourceDate "2024.03.06"]
[SourceVersion "1"]
[SourceVersionDate "2024.03.06"]
[SourceQuality "1"]

1. e4 e5 2. Nf3 Nc6 3. Bc4 Nf6 4. d3 Be7 5. Nc3 0-0 6. Bg5 d6 7. 0-0 Na5 8. Bb3 Nxb3 9. axb3 h6 10. Bh4 Be6 11. d4 exd4 12. Qxd4 a6 13. Ne2 Bg4 14. Qe3 Re8 15. Rfd1 Bxf3 16. Qxf3 Nxe4 17. Qxe4 Bxh4 18. Qf3 Bf6 19. Nc3 c6 20. Rab1 d5 21. h3 Qc7 22. Ne2 Re7 23. Nf4 Be5 24. Nd3 Bd6 25. c4 dxc4 26. bxc4 Rae8 27. c5 Be5 28. Nxe5 Rxe5 29. b4 a5 30. bxa5 Rxc5 31. Qb3 Rxa5 32. Qxb7 Qxb7 33. Rxb7 1/2-1/2

[Event "British Rapidplay"]
[Site "Peterborough"]
[Date "2024.03.02"]
[Round "1"]
[White "Dupuis, Daniel"]
[Black "Dicen, Elis Denele"]
[Result "0-1"]
[WhiteElo "1562"]
[BlackElo "1915"]
[PlyCount "136"]
[EventDate "2024.03.02"]
[EventType "swiss (rapid)"]
[EventRounds "11"]
[EventCountry "ENG"]
[SourceTitle "CB10_2024"]
[SourceDate "2024.03.06"]
[SourceVersion "1"]
[SourceVersionDate "2024.03.06"]
[SourceQuality "1"]

1. e4 c5 2. Nf3 d6 3. d4 cxd4 4. Nxd4 Nf6 5. Nc3 a6 6. Be3 e5 7. Nf3 Be7 8. Bc4 0-0 9. 0-0 Qc7 10. Bd5 Nbd7 11. Qd2 Nb6 12. Bxb6 Qxb6 13. Rab1 Bg4 14. Qe2 Rac8 15. h3 Bh5 16. Rfd1 Qc7 17. g4 Bg6 18. Nh4 b5 19. Nxg6 hxg6 20. a3 Rb8 21. Kh1 Nd7 22. Na2 a5 23. c3 g5 24. f3 g6 25. Rbc1 Kg7 26. c4 b4 27. axb4 axb4 28. Rb1 Rh8 29. Kg2 Nc5 30. Nc1 Rh7 31. Nd3 Nb3 32. Rh1 Nd4 33. Qd2 Bf6 34. b3 Qb6 35. Qd1 Rhh8 36. Qd2 Qc7 37. Rhc1 Qa5 38. c5 dxc5 39. Rxc5 Qb6 40. Rbc1 Rhf8 41. Qd1 Qd6 42. R5c4 Rb6 43. Ra1 Qe7 44. Ra4 Rfb8 45. Qe1 Nxb3 46. Rcxb4 Rxb4 47. Rxb4 Rxb4 48. Nxb4 Nd4 49. Nd3 Qa3 50. Qd2 Qa7 51. Kf1 Nxf3 52. Qf2 Qa1+ 53. Kg2 Nh4+ 54. Kg3 Qc3 55. Qe2 Qd4 56. Nf2 Be7 57. Kh2 Bc5 58. Kg1 Qc3 59. Kf1 Nf3 60. Kg2 Ne1+ 61. Kf1 Nc2 62. Kg2 Nd4 63. Qd3 Qb2 64. Kg3 Ne2+ 65. Kh2 Nf4 66. Qf3 Bxf2 67. Kh1 Qc1+ 68. Kh2 Qg1# 0-1